LEADER 00728nam a2200181 i 4500 001 000000006486 003 CaOOAMICUS 005 20180830125438.0 008 180830s1936 it u000 u ita u 040 $aSeMil$bita 100 1 $aPolvara, Giuseppe .$0(OLS)http://semarc/name/3398 245 10$aTrattazione teorico pratica di principi estetici /$cD. Giuseppe Polvara. 260 $aMilano :$bBeato Angelico,$c1936. 650 4$aEstetica.$0(OLS)http://semarc/subject/618 774 0 $tArte.$gVolume1$w()77734 774 0 $tBello.$gVolume2$w()77735 996 $6245$aTrattazione teorico pratica di principi estetici$9(OLS)http://semarc/title/8633 996 $6260$aMilano :$bBeato Angelico$9(OLS)http://semarc/publisher/31806 LEADER 00892nam a2200217 i 4500 001 000000062856 003 CaOOAMICUS 005 20130726000000.0 008 130726s1901 xx u000 u lat u 013 $a34028 040 $aSeMil$bita 100 1 $aSchiffini, Santo .$0(OLS)http://semarc/name/595 245 10$aTractatus de Gratia Divina /$cP. Sancto Schiffini. 260 $aFriburgi Brisgoviae :$bHerder,$c1901. 300 $aVII, 704 p. 500 $aIn mezzo al front : Cum approbatione revmi archiep. Friburg. et praepositi generalis Soc. Jesu. 650 4$aGrazia divina - Teologia.$0(OLS)http://semarc/subject/318 850 $aSeMil 852 $aSeMil$W1$xVenegono$y1$m2M III 4$j29009$B29009$CSeMilBibl$Z2$F29012 $81 996 $6245$aTractatus de Gratia Divina$9(OLS)http://semarc/title/99028 996 $6260$aFriburgi Brisgoviae :$bHerder$9(OLS)http://semarc/publisher/29897